An agricultural testament / (Record no. 56593)
[ view plain ]
| 000 -LEADER | |
|---|---|
| fixed length control field | 00826nam a22002297a 4500 |
| 005 - DATE AND TIME OF LATEST TRANSACTION | |
| control field | 20110908145123.0 |
| 008 - FIXED-LENGTH DATA ELEMENTS--GENERAL INFORMATION | |
| fixed length control field | 110908t xxu||||| |||| 00| 0 eng d |
| 010 ## - LCCN (DPL NO) | |
| LC control number | ENG-103788 |
| 020 ## - INTERNATIONAL STANDARD BOOK NUMBER | |
| Terms of availability | 120.00 |
| International Standard Book Number | 9789380153049 |
| 035 ## - SYSTEM CONTROL NUMBER | |
| System control number | EN-87321 |
| 037 ## - SOURCE OF ACQUISITION | |
| Source of stock number/acquisition | DBAD/PUB |
| 040 ## - CATALOGING SOURCE | |
| Original cataloging agency | DPL |
| Language of cataloging | Eng |
| 082 ## - DEWEY DECIMAL CLASSIFICATION NUMBER | |
| Classification number | 631.8 |
| 100 1# - MAIN ENTRY--PERSONAL NAME | |
| Personal name | Howard, Albert, Sir |
| 9 (RLIN) | 34669 |
| 245 14 - TITLE STATEMENT | |
| Title | An agricultural testament / |
| Statement of responsibility, etc | by Sir Albert Howard |
| 260 ## - PUBLICATION, DISTRIBUTION, ETC. (IMPRINT) | |
| Place of publication, distribution, etc | Secunderabad |
| Name of publisher, distributor, etc | Permanent Green |
| Date of publication, distribution, etc | 2009 |
| 270 ## - ADDRESS | |
| Address | 12-13-439,St No.1,Tarnaka |
| City | Secunderabad |
| Postal code | 500017 |
| Telephone number | 09490746614 |
| Electronic mail address | info@manchipustakam.in |
| 300 ## - PHYSICAL DESCRIPTION | |
| Extent | 152p. |
| Dimensions | 22cm (pbk) |
| 650 #0 - SUBJECT ADDED ENTRY--TOPICAL TERM | |
| 9 (RLIN) | 34671 |
| 942 ## - ADDED ENTRY ELEMENTS (KOHA) | |
| Source of classification or shelving scheme | Dewey Decimal Classification |
| Item type | English Books |
| Call number suffix | HOW |
| Classification part | 631.8 |
| Withdrawn status | Lost status | Source of classification or shelving scheme | Damaged status | Not for loan | Collection code | Home library | Current library | Date acquired | Source of acquisition | Cost, normal purchase price | Total Checkouts | Full call number | Barcode | Date last seen | Copy number | Cost, replacement price | Koha item type |
|---|---|---|---|---|---|---|---|---|---|---|---|---|---|---|---|---|---|
| Dewey Decimal Classification | Non-fiction | D.B.Act.Division | D.B.Act.Division | 14/09/2011 | DBAD/PUB | 120.00 | 631.8 HOW | EN-87321 | 14/09/2011 | 1 | 120.00 | English Books |
